Visualizzazione normale
Vista MARC
- Fortuzzi Gianluigi
di Personal Name
Records bibliografici associati: 1
001 - CONTROL NUMBER
- control field: 31453
003 - CONTROL NUMBER IDENTIFIER
- control field: IT-RoPau
005 - DATE AND TIME OF LATEST TRANSACTION
- control field: 20140623155033.0
008 - FIXED-LENGTH DATA ELEMENTS
- fixed length control field: 140623|| aca||aabn | a|a d
040 ## - CATALOGING SOURCE
- Original cataloging agency: IT-RoPau
- Transcribing agency: IT-RoPau
100 ## - HEADING--PERSONAL NAME
- Personal name: Fortuzzi Gianluigi
- Relator term: Autore testo/musica
- Miscellaneous information: Codice autore testo/musica SPICS: 47113
- Name of part/section of a work: Sul mondo
670 ## - SOURCE DATA FOUND
- Source citation: Work cat.: (IT-RoPau)99001: AA.VV. 794, Canzoni